000 00855nam0a22002651 4500
001 rc\103599
005 20250620182607.0
010 _a5-85770-044-2
_9100000
035 _a(NLR Aleph) 005366069
090 _a6949705
_c6949705
100 _a20021216d1992 |||y0rusy50 ca
101 0 _arus
102 _aRU
105 _ay |||||||||
200 1 _aСеется семя
_e[Материалы для проповедей
_eПеревод]
210 _aБ. м.
_cElpis
_cЕванг. вера
_aМ.
_cПротестант
_d1992
215 _a406 с.
_d22
300 _aНа тит. л. ошибочно: 3-е изд., испр. и доп.
320 _aУказ. тем и имен.: с. 3-8, 392-406
700 1 _aЛевен
_bЯ.
_gЯков
801 0 _aRU
_bNLR
_gpsbo
801 1 _aRU
_bELAR
_2rusmarc
852 _aNLR
_j92-5/401
942 _cBOOK
980 _aNB